| 000 | 00384nam a2200133 a 4500 | ||
|---|---|---|---|
| 001 | 000037072 | ||
| 005 | 20200930080125.0 | ||
| 008 | 120210s2006 dr 000 0 spa d | ||
| 040 |
_aDO-SdBNP _bspa _cBNPHU |
||
| 100 |
_aOrtíz, Fausto _963489 |
||
| 245 | 0 |
_aProcesos 1998-2008 / : _bFausto Ortíz. |
|
| 260 |
_a[s.l.], : _bMinisterio de Cultura, _c2006. |
||
| 300 |
_a62p. : _bil. ; _c21 cm. |
||
| 999 |
_c36562 _d36562 |
||